[Event "Luxembourg op 26th"]
[Site "Luxembourg"]
[Date "1987.??.??"]
[Round "2"]
[White "Eckert, Daniel"]
[Black "Stull, Norbert"]
[Result "0-1"]
[WhiteElo "1700"]
[BlackElo "2250"]
[PlyCount "116"]
[EventDate "1987.06.06"]
[EventType "swiss"]
[EventRounds "9"]
[EventCountry "LUX"]
[SourceTitle "EXT 2003"]
[Source "ChessBase"]
[SourceDate "2002.11.25"]
[SourceVersion "1"]
[SourceVersionDate "2002.11.25"]
[SourceQuality "1"]

1. d4 Nf6 2. c4 g6 3. Nc3 Bg7 4. e4 d6 5. Nf3 0-0 6. Be2 Bg4 7. Be3 Nfd7 8. Qd2 e5 9. dxe5 dxe5 10. 0-0 Nc6 11. Ne1 Bxe2 12. Nxe2 Re8 13. Nc2 Nf8 14. Qc3 Ne6 15. Rad1 Ned4 16. Qd2 Qe7 17. Nc3 Nxc2 18. Qxc2 Nd4 19. Qa4 c6 20. Rd2 a6 21. Qd1 Qb4 22. Ne2 Qxc4 23. b3 Nxe2+ 24. Qxe2 Qxe4 25. Rfd1 Qb4 26. Rd7 e4 27. Qc2 Bf8 28. Bd2 Qc5 29. Qc4 Qxc4 30. bxc4 Rad8 31. Be3 Rxd7 32. Rxd7 b5 33. Kf1 bxc4 34. Ke2 Rb8 35. Kd1 h5 36. Kc2 Bg7 37. Bc1 Rb5 38. Rd6 Rf5 39. Be3 c5 40. Rxa6 Bd4 41. Rd6 Bxe3 42. fxe3 Rf2+ 43. Rd2 Rxd2+ 44. Kxd2 Kf8 45. Kc3 Ke7 46. Kxc4 f5 47. g3 Kd6 48. a4 g5 49. a5 Kc6 50. a6 Kb6 51. Kd5 Kxa6 52. Ke5 c4 53. Kd4 Kb5 54. Kc3 Kc5 55. h4 g4 56. Kc2 Kb4 57. Kb2 c3+ 58. Kc2 Kc4 0-1